Reseña crítica del libro por Rick Warren: La Vida con Propósito (Registro nro. 62631)
[ vista simple ]
| 000 -LÍDER | |
|---|---|
| Campo fijo de descripción fija | 006240000a22001330004500 |
| 100 1# - ASIENTO PRINCIPAL--NOMBRE PERSONAL | |
| Nombre personal | Kloosterman, Nelson D. |
| 245 10 - TÍTULO | |
| Título del Material | Reseña crítica del libro por Rick Warren: La Vida con Propósito |
| 300 ## - DESCRIPCIÓN FÍSICA | |
| Extensión | Vol.9, núm.1 (2007), Páginas 29-34 |
| 500 ## - NOTA GENERAL | |
| Nota General | Traducido con permiso por Donald Herrera Terán, para Reforma Siglo XXI. El artículo original en inglés fue publicado por la revista Christian Renewal, con fecha del 11 de Mayo de 2005 |
| 650 14 - ASIENTO SECUNDARIO DE MATERIA - TERMINO TEMÁTICO | |
| Término temático o nombre geográfico como elemento de entrada | RESEÑA |
| 773 0# - HOST ITEM ENTRY | |
| Title | Reforma Siglo 21 |
| 942 ## - TIPO DE MATERIAL (KOHA) | |
| Tipo de Item KOHA | Artículos de Revista |
| Estado de Material | Estado de Perdido | Estado de Dañado | No para Préstamo | Colección | Biblioteca de Origen | Biblioteca Permanente | Fecha de Adquisición | Total de Préstamos | Signatura Topográfica | Última vez visto | Fecha de Remplazo | Tipo de Material |
|---|---|---|---|---|---|---|---|---|---|---|---|---|
| Colección de Hemeroteca | Biblioteca FUSBC | Biblioteca FUSBC | 26/01/2016 | 26/01/2016 | 26/01/2016 | Artículos de Revista |
